000 00439nam a22001817a 4500
005 20230224111643.0
008 230224b |||||||| |||| 00| 0 eng d
020 _cRs.120.00
040 _aLoreto college
041 _aBengali
082 _a891.44
_bREN
245 _aRenascent bengal
260 _aKolkata
_bThe Asiatic Society
_c2008
300 _a86p.
_b22cm.
650 _aHistory -India--Bengal
850 _aLCLIB
942 _cBK
999 _c43236
_d93715